000 00484nam a2200181Ia 4500
005 20250317125742.0
008 008 250317s9999 xx 000 0 eng d
037 _aTextbook
040 _aFMSL
_beng
_cFMSL
041 _aeng
_2eng
084 _qFMSL
100 _aWalker Ennest W
_9744685
245 0 _aCase problems in ficial Management
260 _aMersdith
_bMersdith, Pub. co.
_c1968
300 _a175p
942 _cTB
999 _c1260817
_d1260817